• 首页
  • 本馆介绍
  • 公告通知
  • 最新文献
  • 馆藏检索
  • 电子资源
  • 读者导购
  • 参考咨询
  • 我的图书馆
  • 登录
  • 详细信息显示
  • 放入我的书架
  • 预约/预借图书
  • 作者相关作品
  • 分类相关作品
  • 丛书相关作品
  • 出版社相关作品

书目信息

  • 表格格式
  • 工作单格式
  • 卡片格式
题名:
中国经济发展新趋势
    
 
作者: 薛暮桥 著
分册:  
出版信息: 北京   中国社会科学出版社  1981
页数: 80页
开本: 21cm
丛书名:
单 册:
中图分类: F120.4 , F043
科图分类:
主题词: 经济发展趋势--中国 , 社会主义社会--生产方式
电子资源:
ISBN:
000 00706nam0 2200241 450
001 1554596092
005 20150118151021.89
010    @dCNY0.30
091    @a4190.075
100    @a19950616d1981 em y0chiy0110 ea
101 0  @achi
102    @aCN@b110000
105    @ay z 000yy
200 1  @a中国经济发展新趋势@9zhong guo jing ji fa zhan xin qu shi@e在香港“中国经济发展新趋势研讨会”上的报告@f薛暮桥著
210    @a北京@c中国社会科学出版社@d1981
215    @a80页@d21cm
606 0  @a经济发展趋势@y中国
606 0  @a社会主义社会@x生产方式
690    @aF120.4@v5
690    @aF043@v4
701  0 @a薛暮桥@9xue mu qiao@f(1904~2005.7)@4著
801  0 @aCN@bTSSF@c20150115
905    @aZUCC@dF043@eJY28
    
    中国经济发展新趋势:在香港“中国经济发展新趋势研讨会”上的报告/薛暮桥著.-北京:中国社会科学出版社,1981
    80页;21cm
    
    
    ISBN :CNY0.30
    
●
相关链接 在E读中查询图书 在五车中查询图书 在当当中查询图书 在豆瓣中查询图书


正题名:中国经济发展新趋势     索取号:F043/JY28         预约/预借

序号 登录号 条形码 馆藏地/架位号 状态 备注
1 7835737   278357378   学院路分馆/ [索取号:F043/JY28] 在馆    
唐山师范学院图书馆 欢迎您!
大连网信软件有限公司© 版权所有